00722 a2200193 4500010001400000020002300014035001300037037001500050082001100065090001700076100001600093245006000109260004900169270009500218300003700313942002500350999001700375952013600392 aENG-89293 a8131303306c695.00 aEN-72826 bDBAD / PUB14a574.88 c10713d10713 aPatil, C.S.1 aMolecular biology/cby C.S. Patil and Prabhu M. Biradar aNew DelhibAPH Publishing Corporationc2008 a4435-36/7, Ansari Road, Darya Ganj,bNew DelhicDelhie110002k23274050maphbook@vsnl.net aviii, 312 p.c22 cm ( Hb.)bill. adplcENk574.88/ PAT c10418d10418 00102ddc40718NFICaDBADbDBADeDBAD/PUBg695.00l0o574.88 PATpEN-72826r2008-09-15 00:00:00t1u11474v695.00w2008-09-15yEN